书目信息 |
| 题名: |
寿险精算学
|
|
| 作者: | 雷宇 编著 | |
| 分册: | ||
| 出版信息: | 北京 北京大学出版社 1998 |
|
| 页数: | 14,477页 | |
| 开本: | 20cm | |
| 丛书名: | 北京大学保险学丛书 | |
| 单 册: | ||
| 中图分类: | F840.62 | |
| 科图分类: | ||
| 主题词: | 人寿保险--计算方法 , 人寿保险 , 计算方法 | |
| 电子资源: | ||
| ISBN: | 7-301-03873-9 | |
| 000 | 00832oam2 2200277 450 | |
| 001 | 012007998601 | |
| 005 | 20070619102127.70 | |
| 010 | @a7-301-03873-9@dCNY23.00 | |
| 100 | @a20070515d1998 km y0chiy0120 ea | |
| 101 | 0 | @achi |
| 102 | @aCN@b110000 | |
| 105 | @ay z 000yy | |
| 106 | @ar | |
| 200 | 1 | @a寿险精算学@Ashou xian jing suan xue@f雷宇编著@Flei yu bian zhu |
| 210 | @a北京@c北京大学出版社@d1998 | |
| 215 | @a14,477页@d20cm | |
| 225 | 2 | @a北京大学保险学丛书 |
| 330 | @a本书内容包括:利息的度量,确定年金,债务的偿还,随机利率模型,生存函数与生命表,死亡保险的精算现值等。 | |
| 461 | 0 | @12001 @a北京大学保险学丛书 |
| 606 | 0 | @a人寿保险@x计算方法 |
| 606 | 0 | @a人寿保险 |
| 606 | 0 | @a计算方法 |
| 690 | @aF840.62@v4 | |
| 701 | 0 | @a雷宇@Alei yu@4编著 |
| 801 | 0 | @aCN@bRULIN@c20070619 |
| 905 | @dF840.62@e30@s8 | |
| 寿险精算学/雷宇编著.-北京:北京大学出版社,1998 |
| 14,477页;20cm.-(北京大学保险学丛书) |
| ISBN 7-301-03873-9:CNY23.00 |
| 本书内容包括:利息的度量,确定年金,债务的偿还,随机利率模型,生存函数与生命表,死亡保险的精算现值等。 |
| ● |
| 相关链接 |
|
|
|
|
正题名:寿险精算学
索取号:F840.62/30
 
预约/预借
| 序号 | 登录号 | 条形码 | 馆藏地/架位号 | 状态 | 备注 |
| 1 | 0575759 | 205757590 | 第一样本阅览室/ [索取号:F840.62/30] | 在馆 | |
| 2 | 0575760 | 205757607 | 密集书库/ [索取号:F840.62/30] | 在馆 | |
| 3 | 0575761 | 205757616 | 密集书库/ [索取号:F840.62/30] | 在馆 | |
| 4 | 0575762 | 205757625 | 第一借阅区/ [索取号:F840.62/30] | 在馆 | |
| 5 | 0575763 | 205757634 | 第一借阅区/ [索取号:F840.62/30] | 在馆 | |
| 6 | 0575764 | 205757643 | 密集书库/ [索取号:F840.62/30] | 在馆 | |
| 7 | 0575765 | 205757652 | 第一借阅区/ [索取号:F840.62/30] | 在馆 | |
| 8 | 0575766 | 205757661 | 第一借阅区/ [索取号:F840.62/30] | 在馆 |